00819nam a22002177a 45000050016000000100015000160200026000310350013000570370013000700820011000831000042000942450069001362600044002052700055002493000028003046500061003326500032003939420025004259990017004509520134004672010082300280.0 aENG-101351 a9789380335377c100.00 aEN-84884 bDBAD/PUB a230.41 aRajagopalachari, Parthasarathi916926 aThe principles of sahaj marg /cby Parthasarathi Rajagopalachari aChennaibShri Ram Chandra Missionc2010 aNorth Block,2/3 Judges Court RoadbKolkatae700027 av.1 (176p.)c21cm (pbk) aShri Ram Chandra Mission (Shahjiahan Pur,)zIndia916927 aTheeology, Doctrinal916928 2ddccENh230.41mRAJ c42974d42974 00103v.140718NFICaDBADbDBADd2010-08-23eDBAD/PUBg100.00l0o230.41 RAJpEN-84884r2010-08-23 00:00:00t1v100.00yENzv.1